00373 a2200145 4500001000700000003000400007005001700011008004100028082001800069100002000087245006000107250001200167260003800179300001000217067071OSt20211026170126.0  a005.133bH78F1 aHorowitz, Ellis1 aFundamentals of data structures in Ccby Ellis Horowitz a2nd ed. aHyderabadbUniversity Pressc2008 a617p.